<?xml version="1.0" encoding="UTF-8"?>
<record
    xmlns:xsi="http://www.w3.org/2001/XMLSchema-instance"
    xsi:schemaLocation="http://www.loc.gov/MARC21/slim http://www.loc.gov/standards/marcxml/schema/MARC21slim.xsd"
    xmlns="http://www.loc.gov/MARC21/slim">

  <leader>00559nam a22001577a 4500</leader>
  <controlfield tag="008">230426b        |||||||| |||| 00| 0 eng d</controlfield>
  <datafield tag="040" ind1=" " ind2=" ">
    <subfield code="a">National Science Library</subfield>
    <subfield code="c">National Science Library</subfield>
  </datafield>
  <datafield tag="080" ind1=" " ind2=" ">
    <subfield code="a">D 02:681.3</subfield>
    <subfield code="b">N9.2</subfield>
  </datafield>
  <datafield tag="245" ind1=" " ind2=" ">
    <subfield code="a">Commonwealth universities yearbook 1999 </subfield>
    <subfield code="c">/ Association of Commonwealth Universities</subfield>
  </datafield>
  <datafield tag="260" ind1=" " ind2=" ">
    <subfield code="a">London: </subfield>
    <subfield code="b">Association of Commonwealth Universities, </subfield>
    <subfield code="c">1999</subfield>
  </datafield>
  <datafield tag="300" ind1=" " ind2=" ">
    <subfield code="a">1077p.</subfield>
  </datafield>
  <datafield tag="500" ind1=" " ind2=" ">
    <subfield code="a">Vol. 1 (Australia to Nigeria)
Vol. 2 (Pakistan to Zimbabwe)</subfield>
  </datafield>
  <datafield tag="650" ind1=" " ind2=" ">
    <subfield code="a">Management</subfield>
  </datafield>
  <datafield tag="653" ind1=" " ind2=" ">
    <subfield code="a">Rubber</subfield>
  </datafield>
  <datafield tag="942" ind1=" " ind2=" ">
    <subfield code="2">udc</subfield>
    <subfield code="c">REF</subfield>
  </datafield>
  <datafield tag="999" ind1=" " ind2=" ">
    <subfield code="c">23765</subfield>
    <subfield code="d">23765</subfield>
  </datafield>
  <datafield tag="952" ind1=" " ind2=" ">
    <subfield code="0">0</subfield>
    <subfield code="1">0</subfield>
    <subfield code="2">udc</subfield>
    <subfield code="4">0</subfield>
    <subfield code="6">D_026813_N92</subfield>
    <subfield code="7">0</subfield>
    <subfield code="9">34867</subfield>
    <subfield code="a">NSL</subfield>
    <subfield code="b">NSL</subfield>
    <subfield code="c">GF/Rk-23/C-6/R-3</subfield>
    <subfield code="d">1999-06-10</subfield>
    <subfield code="h">Vol. 1 (Australia to Nigeria)</subfield>
    <subfield code="l">0</subfield>
    <subfield code="o">D 02:681.3 N9.2</subfield>
    <subfield code="p">178574</subfield>
    <subfield code="r">2023-04-26 00:00:00</subfield>
    <subfield code="w">1999-06-10</subfield>
    <subfield code="y">REF</subfield>
  </datafield>
  <datafield tag="952" ind1=" " ind2=" ">
    <subfield code="0">0</subfield>
    <subfield code="1">0</subfield>
    <subfield code="2">udc</subfield>
    <subfield code="4">0</subfield>
    <subfield code="6">D_026813_N92</subfield>
    <subfield code="7">0</subfield>
    <subfield code="9">34868</subfield>
    <subfield code="a">NSL</subfield>
    <subfield code="b">NSL</subfield>
    <subfield code="c">GF/Rk-23/C-6/R-3</subfield>
    <subfield code="d">1999-06-10</subfield>
    <subfield code="h">Vol. 2 (Pakistan to Zimbabwe)</subfield>
    <subfield code="l">0</subfield>
    <subfield code="o">D 02:681.3 N9.2</subfield>
    <subfield code="p">178575</subfield>
    <subfield code="r">2023-04-26 00:00:00</subfield>
    <subfield code="w">1999-06-10</subfield>
    <subfield code="y">REF</subfield>
  </datafield>
</record>
